LEADER 01397nam a2200289 u 4500 001 000000080147 003 CaOOAMICUS 005 20070226123620.0 008 040628s2004 enkb u000 u eng u 020 $a0-521-46083-2 035 $a11002197 040 $aIPA$bita 245 04$aThe Cambridge history of early Christian literature /$cedited by Frances Young, Lewis Ayres, Andrew Louth ; assistant editor Augustine Casiday. 260 $aCambridge :$bCambridge University Press,$c2004. 300 $axxv, 538 p. :$bc. geogr. ;$c24 cm 500 $aComprende riferimenti bibliografici (p. 495-530) e indice. 650 4$aLetteratura cristiana antica$xStoria e critica.$0(OLS)http://pul/subject/5976 700 1 $aYoung, Frances M.$q(Frances Margaret).$0(OLS)http://pul/name/53429 700 1 $aCasiday, Augustine.$0(OLS)http://pul/name/53431 700 1 $aLouth, Andrew.$0(OLS)http://pul/name/39997 700 1 $aAyres, Lewis.$0(OLS)http://pul/name/53430 850 $aPUL 852 $aPUL$W1$xSL Religione 3$y85$m270. 1 YOUFR 1$j102395$nBK-PRI$qDDC 21$B102395$CPULBib$Z2$F102395 $HPUL97155 $82 941 1 $a9 996 $6020$a0-521-46083-2$9(OLS)http://pul/number/105811 996 $6245$aThe Cambridge history of early Christian literature$9(OLS)http://pul/title/104983 996 $6260$aCambridge :$bCambridge University Press$9(OLS)http://pul/publisher/50125 LEADER 01823nam a2200409 a 4500 001 000000174664 003 CaOOAMICUS 005 20210716145709.0 008 210716s2019 pl 000 udeng r 020 $z978-83-7614-440-1* 032 $aLibriCat 040 $aPUL$bita 041 0 $aeng$apol 082 04$a197 245 00$aKazimierz Kloskowski /$cGrzegorz Bugajak, Anna Latawiec, Anna Lema?ska, Adam ?wie?y?ski. 260 $aKrakow :$bIgnatianum University Press,$cİ2019. 300 $a202 p. ;$c24 cm. 490 1 $aThe Polish Christian Philosophy in the 20th Century. 500 $aBibliografia p. 183-202. 500 $aContiene:Kazimierz Kloskowski: Selected writings 546 $aContributi in inglese e polacco. 600 14$aKloskowski, Kazimierz,$d1953-1999.$0(OLS)http://pul/subject/46486 650 4$aFilosofia cristiana$zPolonia$ySec. XX.$0(OLS)http://pul/subject/46484 700 1 $aKloskowski, Kazimierz,$d1953-1999.$0(OLS)http://pul/name/112239 700 1 $a?wie?y?ski, Adam.$0(OLS)http://pul/name/112232 700 1 $aBugajak, Grzegorz.$0(OLS)http://pul/name/112237 700 1 $aLatawiec, Anna.$0(OLS)http://pul/name/112238 700 1 $aLema?ska, Anna.$0(OLS)http://pul/name/112234 830 4$aThe Polish Christian Philosophy in the 20th Century.$0(OLS)http://pul/title/213499 850 $aPUL 852 $aPUL$W1$xSL Filosofia 3$y81$m197 PCP 1.7$j198971$qDDC 21$B203605$CPULBib$Z2$F203605 $H135102 $82 941 1 $a9 996 $6020$z978-83-7614-440-1*$9(OLS)http://pul/number/168280 996 $6082$a197$9(OLS)http://pul/classification/1995 996 $6245$aKazimierz Kloskowski$9(OLS)http://pul/title/215973 996 $6260$aKrakow :$bIgnatianum University Press$9(OLS)http://pul/publisher/87205